Housing (Record no. 107246)

MARC details
000 -LEADER
fixed length control field 01634cam a22002295a 4500
001 - CONTROL NUMBER
control field L138746
008 - FIXED-LENGTH DATA ELEMENTS--GENERAL INFORMATION
fixed length control field 070709e20070629xxk f 000 0 eng d
035 ## - SYSTEM CONTROL NUMBER
System control number (Sirsi) u138746
041 0# - LANGUAGE CODE
Language code of text/sound track or separate title eng
050 04 - LIBRARY OF CONGRESS CALL NUMBER
Classification number 306.026 $2 18
110 1# - MAIN ENTRY--CORPORATE NAME
Corporate name or jurisdiction name as entry element England and Wales
Subordinate unit Law Commission
9 (RLIN) 3302
245 00 - TITLE STATEMENT
Title Housing
Remainder of title proportionate dispute resolution
-- the role of tribunals
-- a consultation paper
Medium [electronic resource]
260 ## - PUBLICATION, DISTRIBUTION, ETC.
Place of publication, distribution, etc. London
Name of publisher, distributor, etc. Law Commission
Date of publication, distribution, etc. 2007
490 #4 - SERIES STATEMENT
Series statement Law Commission Consultation Paper
Volume/sequential designation 180
520 ## - SUMMARY, ETC.
Summary, etc. Presents provisional proposals that a specialist tribunal should be established in order to resolve housing disputes. This would be set up within the flexible structures to be created by the Tribunals, Courts and Enforcements Bill. It would incorporate the Residential Property Tribunal Service (RPTS) tribunals. Its jurisdiction would include rented housing possession and disrepair claims, mobile home possession claims, rented housing disrepair claims, and the power to make housing benefit decisions. A rationalisation of appeals from RPTS to the upper tribunal created by the Bill is also suggested. Responses are due by 28 September 2007.
590 ## - LOCAL NOTE (RLIN)
Local note KA
650 24 - SUBJECT ADDED ENTRY--TOPICAL TERM
Topical term or geographic name entry element TRIBUNALS COURTS AND ENFORCEMENT BILL (HL) 2006
651 #4 - SUBJECT ADDED ENTRY--GEOGRAPHIC NAME
Geographic name England and Wales
Chronological subdivision 1543-
690 ## - LOCAL SUBJECT ADDED ENTRY--TOPICAL TERM (OCLC, RLIN)
Topical term or geographic name as entry element MANAGEMENT-DISPUTE AVOIDANCE, MANAGEMENT AND RESOLUTION-DISPUTE MANAGEMENT AND RESOLUTION-TRIBUNALS-RESIDENTIAL PROPERTY TRIBUNAL SERVICE
856 40 - ELECTRONIC LOCATION AND ACCESS
Uniform Resource Identifier <a href="https://www.justice.gov.uk/lawcommission/docs/cp180_Housing_Proportionate_Dispute_Resolution_Role_of_Tribunals.pdf">https://www.justice.gov.uk/lawcommission/docs/cp180_Housing_Proportionate_Dispute_Resolution_Role_of_Tribunals.pdf</a>
Public note View the item free of charge at www.justice.gov.uk
942 ## - ADDED ENTRY ELEMENTS (KOHA)
Suppress in OPAC 0
Holdings
Withdrawn status Lost status Source of classification or shelving scheme Damaged status Not for loan Home library Current library Shelving location Date acquired Total Checkouts Full call number Barcode Date last seen Copy number Price effective from Koha item type
    Dewey Decimal Classification     Virtual Virtual Online 09/07/2007   ONLINE PUBLICATION 138746-1001 06/08/2019 1 06/08/2019 Book